[Event "Mittelfranken-chT 0405"]
[Site "Germany"]
[Date "2005.03.13"]
[Round "7.1"]
[White "Renner, Christian"]
[Black "Herning, Jens"]
[Result "1/2-1/2"]
[WhiteElo "1875"]
[BlackElo "1982"]
[PlyCount "80"]
[EventDate "2004.10.17"]
[EventType "team"]
[EventRounds "9"]
[EventCountry "GER"]
[SourceTitle "EXT 2007"]
[Source "ChessBase"]
[SourceDate "2006.11.23"]
[SourceVersion "1"]
[SourceVersionDate "2006.11.23"]
[SourceQuality "1"]

1. d4 Nf6 2. Nf3 g6 3. c4 Bg7 4. Nc3 0-0 5. e4 d6 6. Be2 e5 7. Be3 Nc6 8. d5 Ne7 9. Nd2 Nd7 10. b4 f5 11. f3 f4 12. Bf2 g5 13. c5 Ng6 14. cxd6 cxd6 15. Nc4 a6 16. Rc1 Qf6 17. a4 Nh4 18. 0-0 h5 19. Bxh4 gxh4 20. Qe1 Kh8 21. Kh1 Rg8 22. Rc2 Bf8 23. a5 Be7 24. Na4 Qg6 25. Bd1 Rb8 26. Nab6 Nf6 27. Nxc8 Rbxc8 28. Qf2 Nd7 29. Na3 Nf6 30. Nc4 Nh7 31. Nb6 Rxc2 32. Bxc2 Bd8 33. Nc4 Ng5 34. h3 Nh7 35. Rc1 Nf8 36. Ba4 Rg7 37. Nd2 Bc7 38. Rc2 Nh7 39. Nc4 Qf6 40. Be8 Qg5 1/2-1/2

[Event "Mittelfranken-chT 0405"]
[Site "Germany"]
[Date "2004.10.17"]
[Round "1.1"]
[White "Herning, Jens"]
[Black "Kroneder, Hans Christian"]
[Result "1-0"]
[WhiteElo "1982"]
[BlackElo "2065"]
[PlyCount "81"]
[EventDate "2004.10.17"]
[EventType "team"]
[EventRounds "9"]
[EventCountry "GER"]
[SourceTitle "EXT 2007"]
[Source "ChessBase"]
[SourceDate "2006.11.23"]
[SourceVersion "1"]
[SourceVersionDate "2006.11.23"]
[SourceQuality "1"]

1. d4 d5 2. c4 c6 3. Nf3 Nf6 4. Nc3 e6 5. e3 Nbd7 6. Bd3 dxc4 7. Bxc4 b5 8. Bd3 a6 9. e4 c5 10. e5 cxd4 11. Nxb5 Nxe5 12. Nxe5 axb5 13. Bxb5+ Bd7 14. Bxd7+ Nxd7 15. Nxd7 Qxd7 16. 0-0 Bc5 17. Qd3 0-0 18. Bd2 Rfb8 19. Rfb1 Bb4 20. Bf4 Rb7 21. a3 Be7 22. b4 Qd5 23. Bd2 e5 24. f3 Rba7 25. Rb2 g6 26. g4 Ra6 27. g5 Re6 28. Qe4 Qd8 29. h4 f5 30. gxf6 Bxf6 31. b5 Bxh4 32. a4 Bg5 33. Qg4 Qd5 34. Bxg5 e4 35. b6 exf3 36. b7 f2+ 37. Rxf2 Rb8 38. Bh6 Ree8 39. Raf1 Qxb7 40. Qxd4 Rbd8 41. Qxd8 1-0

[Event "Nuremberg-ch op 04th"]
[Site "Nuremberg"]
[Date "2004.05.23"]
[Round "4"]
[White "Wagenfeld, Wladymyr"]
[Black "Herning, Jens"]
[Result "0-1"]
[WhiteElo "1695"]
[BlackElo "1970"]
[PlyCount "128"]
[EventDate "2004.05.21"]
[EventType "swiss"]
[EventRounds "5"]
[EventCountry "GER"]
[SourceTitle "EXT 2006"]
[Source "ChessBase"]
[SourceDate "2005.11.24"]
[SourceVersion "1"]
[SourceVersionDate "2005.11.24"]
[SourceQuality "1"]

1. d4 Nf6 2. e3 g6 3. Bd3 Bg7 4. Nf3 0-0 5. Nbd2 d6 6. c3 Re8 7. e4 e5 8. d5 c6 9. c4 cxd5 10. cxd5 Nbd7 11. 0-0 Nc5 12. Bc2 a5 13. Re1 b5 14. Nf1 Ba6 15. Bd2 b4 16. Bg5 h6 17. Bxf6 Qxf6 18. Rc1 Qd8 19. Ne3 Rf8 20. Nd2 f5 21. exf5 e4 22. Ndc4 gxf5 23. b3 Ra7 24. Qh5 Bc8 25. Nf1 Rf6 26. f4 Bf8 27. Re3 Rg7 28. Rd1 Bd7 29. Ng3 Kh7 30. Rd2 Rgg6 31. Kh1 Bg7 32. Qe2 Rf8 33. Qh5 Bc3 34. Rd1 a4 35. Ne2 axb3 36. axb3 Bh8 37. Ng3 Qf6 38. Kg1 Rg4 39. Rf1 Be8 40. Qh3 Rh4 41. Qxf5+ Qxf5 42. Nxf5 Rxf5 43. Nxd6 Rf8 44. Bxe4+ Bg6 45. Bxg6+ Kxg6 46. f5+ Kh7 47. Re7+ Kg8 48. Rf3 Rg4 49. h3 Rg5 50. g4 h5 51. Rf4 Bf6 52. Re2 hxg4 53. hxg4 Rd8 54. Ne8 Bc3 55. Nc7 Nd3 56. Rc4 Rg7 57. Ne6 Re7 58. Rh2 Ra8 59. Rh6 Ne5 60. d6 Rea7 61. Rc7 Ra1+ 62. Kf2 R8a2+ 63. Kg3 Rg1+ 64. Kh4 Rxg4+ 0-1

[Event "Mittelfranken-ch"]
[Site "Bechhofen"]
[Date "1994.??.??"]
[Round "9"]
[White "Cipra, Lothar"]
[Black "Herning, Jens"]
[Result "1/2-1/2"]
[WhiteElo "2075"]
[BlackElo "2000"]
[PlyCount "48"]
[EventDate "1994.??.??"]
[EventType "swiss"]
[EventRounds "9"]
[EventCountry "GER"]
[SourceTitle "EXT 2004"]
[Source "ChessBase"]
[SourceDate "2003.11.25"]
[SourceVersion "1"]
[SourceVersionDate "2003.11.25"]
[SourceQuality "1"]

1. d4 Nf6 2. c4 g6 3. Nc3 Bg7 4. e4 d6 5. f3 0-0 6. Be3 Nc6 7. Nge2 e5 8. d5 Ne7 9. g4 c6 10. Qd2 cxd5 11. cxd5 Ne8 12. 0-0-0 Qa5 13. h4 b5 14. b3 Bd7 15. Nb1 Qxd2+ 16. Nxd2 Nf6 17. Kb1 Rfc8 18. Rc1 Rxc1+ 19. Nxc1 Ne8 20. Nd3 f5 21. g5 a5 22. Be2 Nc8 23. Rc1 Bf8 24. Kb2 Be7 1/2-1/2